000 00400 a2200109 4500
001 ART_17790
005 20260410161719.0
008 260409a
245 1 0 _aModificación y subsanación de las ofertas presentadas en los procedimientos de selección de las contrataciones estatales
100 1 _aCalonje, Diego
773 0 _tDerecho administrativo
_g- Nº 84 (dic. 2012)
_wREV1721
999 _c16773
_d16773